000 00690nam a2200289Ia 4500
005 20260324131429.0
008 008 260324s9999 xx 000 0 eng d
020 _a9780203962473
037 _aEBOOK
040 _aCRL
040 _beng
040 _cCRL
041 _2eng
041 _aeng
084 _qCRL
100 _aDuane W. Roller
_9874762
245 0 _aThrough the Pillars of Herakles
245 0 _bGreco-Roman Exploration of the Atlantic
260 _bTaylor and Francis
260 _c2006
365 _a
365 _b205
856 _uhttp://www.taylorfrancis.com/books/9780203962473
942 _cEBOOK
999 _c1782623
_d1782623